000 00723nam a22002297a 4500
999 _c160915
_d160915
005 20190216161947.0
006 a|||||f|||| 00| 0
007 tc
008 180720b xxu||||| |||| 00| 0 eng d
010 _aBR-003111
020 _c05.00
035 _aBR-003111
037 _bA.I.C.B.
082 _a921
100 _aAmal, Brahmachari
245 _aA simple life of Swami Viveka Nanda
_cby Brahmachari Amal
260 _aNew Delhi
_bA.C.I.B.
_cN.D.
270 _aSector-5, Rohini,
_bNew Delhi
_e110085
300 _avarious pages.
_c30cm(HB).
942 _2ddc
_cBRLEN
_h921
_mAMA